Thermal physics / (Record no. 3638)
[ view plain ]
| 000 -LEADER | |
|---|---|
| fixed length control field | 01201cam a2200313 a 4500 |
| 001 - CONTROL NUMBER | |
| control field | 3089660 |
| 003 - CONTROL NUMBER IDENTIFIER | |
| control field | OSt |
| 005 - DATE AND TIME OF LATEST TRANSACTION | |
| control field | 20160425115831.0 |
| 008 - FIXED-LENGTH DATA ELEMENTS--GENERAL INFORMATION | |
| fixed length control field | 980727s1999 enka b 001 0 eng |
| 010 ## - LIBRARY OF CONGRESS CONTROL NUMBER | |
| LC control number | 98038617 |
| 020 ## - INTERNATIONAL STANDARD BOOK NUMBER | |
| International Standard Book Number | 0716710889 |
| 020 ## - INTERNATIONAL STANDARD BOOK NUMBER | |
| International Standard Book Number | 978-0716710882 |
| 040 ## - CATALOGING SOURCE | |
| Original cataloging agency | DLC |
| Transcribing agency | DLC |
| Modifying agency | DLC |
| 050 00 - LIBRARY OF CONGRESS CALL NUMBER | |
| Classification number | QC311 |
| Item number | .B293 1999 |
| 082 00 - DEWEY DECIMAL CLASSIFICATION NUMBER | |
| Classification number | 536.7 |
| Edition number | 21 |
| Item number | KIT 1980 |
| 100 1# - MAIN ENTRY--PERSONAL NAME | |
| Personal name | Kittel, Charles; Kroemer, Herbert |
| 9 (RLIN) | 8097 |
| 245 10 - TITLE STATEMENT | |
| Title | Thermal physics / |
| 260 ## - PUBLICATION, DISTRIBUTION, ETC. (IMPRINT) | |
| Place of publication, distribution, etc. | New York; W.H. Freeman & Co, 1980 |
| -- | |
| 300 ## - PHYSICAL DESCRIPTION | |
| Extent | xvi,473p; ill: 26cm |
| 504 ## - BIBLIOGRAPHY, ETC. NOTE | |
| Bibliography, etc | References & index included |
| 650 #0 - SUBJECT ADDED ENTRY--TOPICAL TERM | |
| Topical term or geographic name as entry element | Thermodynamics. |
| 9 (RLIN) | 8098 |
| 650 #0 - SUBJECT ADDED ENTRY--TOPICAL TERM | |
| Topical term or geographic name as entry element | Thermal physics |
| 9 (RLIN) | 8099 |
| 856 42 - ELECTRONIC LOCATION AND ACCESS | |
| Materials specified | Publisher description |
| Uniform Resource Identifier | http://www.loc.gov/catdir/description/cam029/98038617.html |
| 856 41 - ELECTRONIC LOCATION AND ACCESS | |
| Materials specified | Table of contents |
| Uniform Resource Identifier | http://www.loc.gov/catdir/toc/cam028/98038617.html |
| 906 ## - LOCAL DATA ELEMENT F, LDF (RLIN) | |
| a | 7 |
| b | cbc |
| c | orignew |
| d | 1 |
| e | ocip |
| f | 19 |
| g | y-gencatlg |
| 942 ## - ADDED ENTRY ELEMENTS (KOHA) | |
| Source of classification or shelving scheme | Dewey Decimal Classification |
| Koha item type | Open Shelf |
| Withdrawn status | Lost status | Source of classification or shelving scheme | Damaged status | Not for loan | Home library | Current library | Date acquired | Source of acquisition | Inventory number | Total Checkouts | Full call number | Barcode | Date last seen | Koha item type | Price effective from |
|---|---|---|---|---|---|---|---|---|---|---|---|---|---|---|---|
| Dewey Decimal Classification | MUST Main Library | MUST Main Library | 19/04/2016 | 01/14862 | 536.7 BAI 1999 | 2016-1050 | 19/04/2016 | Short Loan | |||||||
| Dewey Decimal Classification | MUST Main Library | MUST Main Library | 19/04/2016 | 01/14861 | 536.7 BAI 1999 | 2016-1051 | 19/04/2016 | Short Loan | |||||||
| Dewey Decimal Classification | MUST Main Library | MUST Main Library | 19/04/2016 | 02/17700 | 536.7 BAI 1999 | 2016-1052 | 19/04/2016 | Short Loan | |||||||
| Dewey Decimal Classification | MUST Main Library | MUST Main Library | 23/04/2016 | 08/31043 | 536.7 BAI 1999 | 2016-1211 | 23/04/2016 | Open Shelf | |||||||
| Dewey Decimal Classification | MUST Main Library | MUST Main Library | 26/04/2016 | 2002/17509 | 536.7 KIT 1980 | 2016-1381 | 26/04/2016 | Short Loan | 26/04/2016 | ||||||
| Dewey Decimal Classification | MUST Main Library | MUST Main Library | 26/04/2016 | 2002/17507 | 536.7 KIT 1980 | 2016-1382 | 26/04/2016 | Short Loan | 26/04/2016 | ||||||
| Dewey Decimal Classification | MUST Main Library | MUST Main Library | 26/04/2016 | 2002/17508 | 536.7 KIT 1980 | 2016-1383 | 26/04/2016 | Short Loan | 26/04/2016 | ||||||
| Dewey Decimal Classification | MUST Main Library | MUST Main Library | 19/06/2024 | Purchase | 09/31412 | 536.7 KIT 1980 | 2024-20849 | 19/06/2024 | Open Shelf | 19/06/2024 |
